Metodología para la evaluación del uso urbano de la tierra
Presenta una metodología para evaluar el uso urbano de la tierra, fijando como criterio fundamental de control, el hecho de enfocar el proceso de selección del uso urbano del suelo de un territorio cualquiera, desde un punto de vista ambiental.
| Main Author: | |
|---|---|
| Other Authors: | |
| Format: | Tesis Section = Libro |
| Language: | Undetermined Spanish |
| Published: |
Venezuela
Universidad del Zulia
1979
|
| Subjects: |
| LEADER | 00846nam a2200205Ia 4500 | ||
|---|---|---|---|
| 008 | 240830s9999 xx 000 0 und d | ||
| 040 | |a BIBLIOTECA-RUSB/ Mon 711.5 P438 | ||
| 041 | |a spa | ||
| 082 | |a Mon 711.5 P438 | ||
| 100 | 1 | |a Pérez Rodríguez, Ramón A. | |
| 245 | 1 | 0 | |a Metodología para la evaluación del uso urbano de la tierra |
| 260 | |a Venezuela |b Universidad del Zulia |c 1979 | ||
| 300 | |a 140 p. :il. | ||
| 502 | |a Tesis (Otros) - Universidad del Zulia, 1979. | ||
| 520 | 3 | |a Presenta una metodología para evaluar el uso urbano de la tierra, fijando como criterio fundamental de control, el hecho de enfocar el proceso de selección del uso urbano del suelo de un territorio cualquiera, desde un punto de vista ambiental. | |
| 650 | 7 | |a DIVERSAS CLASES DE ZONAS | |
| 700 | 1 | |a Tutor: | |
| 942 | |c BK |2 ddc | ||
| 991 | |a TESIS | ||
| 999 | |c 21008 | ||